| 000 | 00390nam a22001457a 4500 | ||
|---|---|---|---|
| 005 | 20151026122817.0 | ||
| 008 | 151026b xxu||||| |||| 00| 0 eng d | ||
| 040 | _cPK-LaUMT | ||
| 082 |
_aKHC 307.720954914 _bSAG-C |
||
| 100 | _aSaghir Ahmad | ||
| 245 |
_aClass and power in a punjabi village _cSaghir Ahmad |
||
| 260 |
_aLahore _bPunjab adbi markaz _c1977 |
||
| 300 | _a154 p. | ||
| 942 | _cBK | ||
| 999 |
_c77822 _d77822 |
||